| 000 | 00590cam a22002053a 4500 | ||
|---|---|---|---|
| 001 | 41499 | ||
| 003 | PGUSA | ||
| 005 | 20140828083932.0 | ||
| 008 | 121127s2012||||xxu|||||s|||||000 | eng d | ||
| 040 |
_aPGUSA _beng |
||
| 042 | _adc | ||
| 100 | 1 |
_aDurham, M. E. _q(Mary Edith), _d1863-1944 |
|
| 245 | 1 | 0 |
_aThrough the Land of the Serb _h[electronic resource] / _cM. E. Durham |
| 260 |
_bProject Gutenberg, _c2012 |
||
| 506 | _aPublic domain in the USA. | ||
| 516 | _aElectronic text | ||
| 830 | 0 |
_aProject Gutenberg _v41499 |
|
| 856 | 4 | 0 | _uhttp://www.gutenberg.org/ebooks/41499 |
| 942 | _cEB | ||
| 999 |
_c270751 _d270751 |
||